[Event "XII Festival A"]
[Site "Amantea ITA"]
[Date "2014.09.13"]
[Round "8"]
[White "Makka, Ioulia"]
[Black "Sanchez Enriquez, Oscar Gerardo"]
[WhiteElo "2115"]
[BlackElo "2383"]
[Result "1/2-1/2"]
[PlyCount "110"]
[EventDate "2014.09.07"]

1. e4 e5 2. Nf3 Nc6 3. Bb5 Bb4 4. c3 Ba5 5. O-O Nge7 6. d3 O-O 7. Nbd2 d5 8.
exd5 Qxd5 9. Bc4 Qd8 10. b4 Bb6 11. b5 Na5 12. Nxe5 Bf5 13. d4 Nxc4 14. Ndxc4
f6 15. Nf3 Be6 16. Qe2 Bf7 17. a4 Nd5 18. Qd3 a6 19. Be3 axb5 20. axb5 Qd7 21.
Nxb6 Nxb6 22. Nd2 Qd5 23. Bf4 c5 24. bxc6 bxc6 25. Qg3 Rfe8 26. Rfb1 Nc4 27.
Nxc4 Qxc4 28. h4 Bg6 29. Rxa8 Rxa8 30. Re1 Re8 31. Rxe8+ Bxe8 32. Qe3 Bf7 33.
Kh2 h5 34. Qg3 Kh7 35. Bd6 Bg6 36. Bb4 Qe6 37. f3 Bd3 38. Bf8 Qf7 39. Bc5 Qg6
40. Qf2 Bc4 41. Bb4 Qf5 42. Qg3 Qg6 43. Qxg6+ Kxg6 44. g4 hxg4 45. fxg4 f5 46.
Kg3 fxg4 47. Kxg4 Kf6 48. h5 Be2+ 49. Kh4 Kf5 50. Bf8 g5+ 51. hxg6 Kxg6 52. Kg3
Kf7 53. Bb4 Ke6 54. Kf4 Kd5 55. Ke3 Bc4 1/2-1/2

[Event "XII Festival A"]
[Site "Amantea ITA"]
[Date "2014.09.13"]
[Round "8"]
[White "Marzaduri, Riccardo"]
[Black "Draskovic, Luka"]
[WhiteElo "2018"]
[BlackElo "2337"]
[Result "0-1"]
[PlyCount "154"]
[EventDate "2014.09.07"]

1. e4 c5 2. Nf3 d6 3. d4 cxd4 4. Nxd4 Nf6 5. Nc3 Bd7 6. Be2 e6 7. O-O Bc6 8.
Nxc6 Nxc6 9. Be3 Be7 10. f4 O-O 11. Bf3 Rc8 12. Kh1 a6 13. Nb1 Qc7 14. Nd2 Rfd8
15. c3 Na5 16. Re1 d5 17. e5 Nd7 18. Qe2 Nc4 19. Nxc4 Qxc4 20. Qxc4 Rxc4 21.
Bd4 Rdc8 22. f5 R4c6 23. Rad1 b5 24. Bg4 Bc5 25. h3 Kf8 26. Re3 Ke7 27. a3 Bxd4
28. Rxd4 Rc4 29. fxe6 fxe6 30. Kg1 Rxd4 31. cxd4 Rc2 32. Rd3 Nb8 33. b3 Nc6 34.
Kf1 Nb8 35. Bf3 Nc6 36. Ke1 Ra2 37. Rc3 Nxd4 38. Rc7+ Kf8 39. Bh5 g6 40. Bd1
Kg8 41. g4 g5 42. a4 Rb2 43. Ra7 Nxb3 44. Rxa6 bxa4 45. Rxa4 Nc5 46. Ra8+ Kf7
47. Ra3 Rb7 48. Bc2 Nd7 49. Re3 h6 50. Ba4 Nc5 51. Rf3+ Ke7 52. Bc2 Nd7 53. Re3
Rb5 54. Ba4 Rb4 55. Bxd7 Kxd7 56. Kd2 Re4 57. Rf3 Rxe5 58. Rf6 h5 59. gxh5 Re4
60. Rg6 Rh4 61. Rxg5 Rxh3 62. Rg7+ Kd6 63. Rh7 Ke5 64. Ke2 Ke4 65. Kf2 Rf3+ 66.
Kg2 e5 67. Rg7 Rf6 68. Kg3 d4 69. Kg4 d3 70. Kg5 Rf1 71. Rd7 Ke3 72. h6 Rh1 73.
h7 d2 74. Kg6 Ke2 75. Rd5 e4 76. Rh5 Rxh5 77. Kxh5 d1=Q 0-1

[Event "XII Festival A"]
[Site "Amantea ITA"]
[Date "2014.09.13"]
[Round "8"]
[White "Meertens, Martin"]
[Black "Solomon, Kenny"]
[WhiteElo "2140"]
[BlackElo "2378"]
[Result "0-1"]
[PlyCount "58"]
[EventDate "2014.09.07"]

1. e4 d6 2. d4 Nf6 3. Nc3 g6 4. Nf3 Bg7 5. Be2 O-O 6. O-O c6 7. h3 Nbd7 8. Re1
e5 9. Bf1 Qe7 10. a4 a5 11. Bg5 h6 12. Be3 exd4 13. Bxd4 Rd8 14. Qd2 Ne5 15.
Nh2 g5 16. Rad1 Re8 17. f4 gxf4 18. Qxf4 Nh5 19. Qf2 Bf6 20. g3 Kh7 21. Bg2 Rg8
22. Ne2 Be6 23. Nf1 Rg6 24. Kh2 Rag8 25. Nf4 Nxg3 26. Nxg6 Nxf1+ 27. Rxf1 Rxg6
28. Qe1 Bh4 29. Bf2 Qg5 0-1

[Event "XII Festival A"]
[Site "Amantea ITA"]
[Date "2014.09.13"]
[Round "8"]
[White "Ochsner, Bjorn Moller"]
[Black "Valsecchi, Alessio"]
[WhiteElo "2336"]
[BlackElo "2438"]
[Result "0-1"]
[PlyCount "76"]
[EventDate "2014.09.07"]

1. e4 e5 2. Nf3 Nc6 3. Bb5 a6 4. Ba4 Nf6 5. O-O b5 6. Bb3 Bc5 7. a4 Rb8 8. axb5
axb5 9. c3 d6 10. d4 Bb6 11. h3 O-O 12. Re1 h6 13. Na3 Re8 14. d5 Ne7 15. Nxb5
Ng6 16. Na7 Bxh3 17. gxh3 Nh5 18. Be3 Qf6 19. Nc6 Ngf4 20. Kh2 Bxe3 21. Rxe3
Rb6 22. Ra7 g5 23. Nb4 Kh8 24. Qg1 Qd8 25. Ne1 Rg8 26. Bd1 Nf6 27. Nc6 Rxc6 28.
dxc6 h5 29. Qg3 d5 30. exd5 Qxd5 31. Bc2 e4 32. Ra4 h4 33. Qg1 g4 34. Bxe4 Qd2
35. Bf5 g3+ 36. Rxg3 hxg3+ 37. Qxg3 Rxg3 38. Kxg3 N4h5+ 0-1

[Event "XII Festival A"]
[Site "Amantea ITA"]
[Date "2014.09.13"]
[Round "8"]
[White "Rasmussen, Allan Stig"]
[Black "Sveshnikov, Evgeny E."]
[WhiteElo "2517"]
[BlackElo "2502"]
[Result "1-0"]
[PlyCount "77"]
[EventDate "2014.09.07"]

1. c4 e6 2. g3 d5 3. Bg2 Nf6 4. Nf3 dxc4 5. Qa4+ Nbd7 6. Qxc4 a6 7. Qb3 Bd6 8.
O-O O-O 9. Nc3 e5 10. d4 exd4 11. Nxd4 Nc5 12. Qc2 Bxg3 13. hxg3 Qxd4 14. Be3
Qe5 15. Nd5 Nxd5 16. Bxc5 Re8 17. e4 Nf6 18. Rad1 Qh5 19. f3 Bh3 20. Bd4 c6 21.
g4 Qh6 22. Qb3 Bxg2 23. Kxg2 Qg6 24. Qxb7 h5 25. e5 Nd5 26. Kg3 Rad8 27. Qxa6
Qg5 28. Qe2 f5 29. f4 Nxf4 30. Rxf4 h4+ 31. Kf3 Rf8 32. gxf5 Rxf5 33. Rxf5
Qxf5+ 34. Kg2 Rf8 35. Bg1 Qg6+ 36. Kh1 Qe6 37. Rd3 Rf4 38. Rd8+ Kf7 39. Qh5+
1-0

[Event "XII Festival A"]
[Site "Amantea ITA"]
[Date "2014.09.13"]
[Round "8"]
[White "Sharma, Dinesh K."]
[Black "Sveshnikov, Vladimir"]
[WhiteElo "2359"]
[BlackElo "2380"]
[Result "1/2-1/2"]
[PlyCount "79"]
[EventDate "2014.09.07"]

1. e4 c6 2. Nf3 d6 3. c4 Nf6 4. Nc3 g6 5. d4 Bg7 6. Be2 O-O 7. O-O a6 8. Re1
Bg4 9. Bg5 Nbd7 10. h3 Bxf3 11. Bxf3 Qc7 12. Qd2 Rfe8 13. a4 e5 14. d5 Nc5 15.
Qc2 a5 16. Be3 Na6 17. Rad1 Nd7 18. h4 Ndc5 19. Na2 cxd5 20. cxd5 Qd7 21. Nc3
Nb4 22. Qe2 Nxa4 23. Nxa4 Qxa4 24. Ra1 Qd7 25. Rec1 Rec8 26. Rxc8+ Rxc8 27.
Rxa5 Nc2 28. g3 h5 29. Kg2 Qc7 30. Ra7 Kh7 31. Qd2 Qb8 32. Ra4 Nxe3+ 33. Qxe3
Bh6 34. Qd3 Rc5 35. Rc4 Qc7 36. Rxc5 Qxc5 37. Qc3 b6 38. Qxc5 bxc5 39. b3 Bc1
40. Be2 1/2-1/2

[Event "XII Festival A"]
[Site "Amantea ITA"]
[Date "2014.09.13"]
[Round "8"]
[White "Sumets, Andrey"]
[Black "Vovk, Andrey"]
[WhiteElo "2618"]
[BlackElo "2625"]
[Result "1/2-1/2"]
[PlyCount "24"]
[EventDate "2014.09.07"]

1. d4 d5 2. c4 c6 3. cxd5 cxd5 4. Nc3 Nf6 5. Nf3 Nc6 6. Bf4 Bf5 7. e3 e6 8. Bd3
Bxd3 9. Qxd3 Bd6 10. Bxd6 Qxd6 11. O-O O-O 12. Rfc1 Rfc8 1/2-1/2

[Event "XII Festival A"]
[Site "Amantea ITA"]
[Date "2014.09.14"]
[Round "9"]
[White "Collutiis, Duilio"]
[Black "David, Alberto"]
[WhiteElo "2476"]
[BlackElo "2548"]
[Result "0-1"]
[PlyCount "84"]
[EventDate "2014.09.07"]

1. e4 c5 2. Nf3 d6 3. Bb5+ Nd7 4. d4 cxd4 5. Qxd4 a6 6. Bxd7+ Bxd7 7. O-O e5 8.
Qd3 Rc8 9. c4 b5 10. Na3 Qb6 11. Rd1 Qb7 12. Bg5 h6 13. Bh4 g5 14. Bg3 Nf6 15.
Nd2 Be7 16. f3 h5 17. Nc2 h4 18. Bf2 g4 19. Ne3 g3 20. hxg3 hxg3 21. Bxg3 Nh5
22. Bh2 Qb6 23. c5 Rxc5 24. g4 Nf4 25. Bxf4 exf4 26. Qd4 Rh1+ 27. Kxh1 Rh5+ 28.
gxh5 Qxd4 29. Ndf1 Qxb2 30. Nd5 Bh4 31. Nxf4 Qf6 32. Ng2 Qxf3 33. Nh2 Qxh5 34.
Rd3 Bc6 35. Rh3 Bxe4 36. Re1 Kf8 37. Rxe4 Qd1+ 38. Ne1 Bxe1 39. Rh8+ Kg7 40.
Rhe8 Bf2+ 41. Kg2 Qg1+ 42. Kf3 Qg3+ 0-1

[Event "XII Festival A"]
[Site "Amantea ITA"]
[Date "2014.09.14"]
[Round "9"]
[White "Delfino, Luigi"]
[Black "Pitzanti, Matteo"]
[WhiteElo "2249"]
[BlackElo "1967"]
[Result "1-0"]
[PlyCount "79"]
[EventDate "2014.09.07"]

1. e4 c6 2. d4 d5 3. exd5 cxd5 4. c4 Nf6 5. Nc3 e6 6. Nf3 Bb4 7. cxd5 exd5 8.
Qa4+ Nc6 9. Bb5 Bd7 10. O-O a6 11. Bg5 O-O 12. Bxc6 Bxc3 13. bxc3 Bxc6 14. Qa3
Qc7 15. Bxf6 gxf6 16. Rae1 Rfe8 17. Qc1 Qd7 18. Qf4 Bb5 19. Rxe8+ Rxe8 20. Re1
Rxe1+ 21. Nxe1 Qe6 22. Qe3 Bc4 23. a3 b6 24. h3 Bb5 25. Nc2 Kh8 26. Qf4 Bd3 27.
Ne3 b5 28. Ng4 Bf5 29. Qh6 Qe1+ 30. Kh2 Qe7 31. Qxf6+ Qxf6 32. Nxf6 Be6 33. Ne8
Bc8 34. Kg3 a5 35. Kf4 h6 36. Nd6 Be6 37. Nxb5 f6 38. Nd6 Kg7 39. Nb7 a4 40.
Nc5 1-0

[Event "XII Festival A"]
[Site "Amantea ITA"]
[Date "2014.09.14"]
[Round "9"]
[White "Draskovic, Luka"]
[Black "Horvath, Csaba"]
[WhiteElo "2337"]
[BlackElo "2537"]
[Result "1/2-1/2"]
[PlyCount "54"]
[EventDate "2014.09.07"]

1. e4 c5 2. Nf3 Nc6 3. d4 cxd4 4. Nxd4 Qb6 5. Nb3 Nf6 6. Nc3 e6 7. Be3 Qc7 8.
f4 Bb4 9. Bd3 Bxc3+ 10. bxc3 d6 11. O-O b6 12. Qe1 Bb7 13. Qg3 Rg8 14. a4 Ne7
15. Nd2 d5 16. e5 Ne4 17. Qe1 f5 18. a5 g5 19. axb6 axb6 20. fxg5 Ng6 21. Nf3
Nxe5 22. Rxa8+ Bxa8 23. Bxe4 dxe4 24. Nxe5 Qxe5 25. Qa1 Qa5 26. Qd1 Qxc3 27.
Bxb6 Bd5 1/2-1/2

[Event "XII Festival A"]
[Site "Amantea ITA"]
[Date "2014.09.14"]
[Round "9"]
[White "Farago, Ivan"]
[Black "Sveshnikov, Vladimir"]
[WhiteElo "2428"]
[BlackElo "2380"]
[Result "1/2-1/2"]
[PlyCount "84"]
[EventDate "2014.09.07"]

1. d4 d5 2. c4 e6 3. Nf3 Nf6 4. Nc3 c6 5. e3 Nbd7 6. Qc2 Bd6 7. Bd3 O-O 8. O-O
dxc4 9. Bxc4 a6 10. Rd1 b5 11. Bd3 Qc7 12. Bd2 c5 13. Ne4 c4 14. Nxd6 Qxd6 15.
Be2 Bb7 16. b3 Rfc8 17. Qb2 Bd5 18. Rac1 Ne4 19. Ba5 f6 20. Ne1 f5 21. f3 Nef6
22. Rc2 Rc6 23. Rdc1 Rac8 24. a4 cxb3 25. Rxc6 Rxc6 26. axb5 axb5 27. Nd3 Rxc1+
28. Nxc1 Qa6 29. Be1 Bc4 30. Nxb3 Nd5 31. e4 fxe4 32. fxe4 Nf4 33. Bxc4 bxc4
34. Nc5 Nd3 35. Nxa6 Nxb2 36. Kf1 Kf7 37. Ke2 Nd3 38. Bg3 Nf6 39. Ke3 Ng4+ 40.
Ke2 Nf6 41. Ke3 Ng4+ 42. Ke2 Nf6 1/2-1/2

[Event "XII Festival A"]
[Site "Amantea ITA"]
[Date "2014.09.14"]
[Round "9"]
[White "Gregori, Giacomo"]
[Black "Bruno, Fabio"]
[WhiteElo "2080"]
[BlackElo "2436"]
[Result "0-1"]
[PlyCount "92"]
[EventDate "2014.09.07"]

1. Nf3 Nf6 2. g3 e6 3. Bg2 d5 4. d3 c5 5. Nbd2 Nc6 6. O-O b6 7. e4 Bb7 8. Re1
Be7 9. c3 h6 10. exd5 Nxd5 11. Nb3 O-O 12. d4 c4 13. Nbd2 b5 14. Qe2 Qc7 15.
Nf1 Bd6 16. Ne3 Nxe3 17. Bxe3 Ne7 18. Rad1 Ng6 19. Qd2 Rfe8 20. h4 Bd5 21. h5
Nf8 22. Nh4 Qb7 23. Bf4 Rad8 24. Bxd6 Rxd6 25. Qf4 Red8 26. Re5 Nd7 27. Rxd5
Rxd5 28. Nf3 Qb8 29. Qe3 Nf6 30. Re1 Nd7 31. Nd2 Rxh5 32. Ne4 b4 33. Qe2 Ra5
34. Qxc4 bxc3 35. Nxc3 Rc8 36. Qe2 Nf6 37. a3 Rd8 38. Qd2 Ra6 39. Ne4 Nxe4 40.
Rxe4 Rad6 41. Qe2 Rxd4 42. Rxd4 Rxd4 43. b4 Qd6 44. Bf3 g6 45. Qe3 Kg7 46. Kg2
h5 0-1

[Event "XII Festival A"]
[Site "Amantea ITA"]
[Date "2014.09.14"]
[Round "9"]
[White "Horvath, Jozsef"]
[Black "Delorme, Axel"]
[WhiteElo "2514"]
[BlackElo "2505"]
[Result "1/2-1/2"]
[PlyCount "33"]
[EventDate "2014.09.07"]

1. c4 e6 2. Nf3 d5 3. d4 a6 4. e3 Nf6 5. Nbd2 c5 6. b3 Nc6 7. Bb2 cxd4 8. Nxd4
Nxd4 9. Bxd4 dxc4 10. Bxc4 b5 11. Be2 Bb7 12. Bf3 Bxf3 13. Qxf3 Bb4 14. O-O O-O
15. Ne4 Nxe4 16. Qxe4 Qe7 17. a4 1/2-1/2

[Event "XII Festival A"]
[Site "Amantea ITA"]
[Date "2014.09.14"]
[Round "9"]
[White "Marzaduri, Riccardo"]
[Black "Estremera Panos, Sergio"]
[WhiteElo "2018"]
[BlackElo "2366"]
[Result "0-1"]
[PlyCount "58"]
[EventDate "2014.09.07"]

1. e4 c5 2. Nf3 d6 3. d4 cxd4 4. Nxd4 Nf6 5. Nc3 Nc6 6. Nb3 e6 7. Be2 Be7 8.
O-O O-O 9. Be3 a6 10. a4 b6 11. f4 Qc7 12. Bf3 Rb8 13. g4 Na5 14. Nxa5 bxa5 15.
g5 Nd7 16. Rb1 Re8 17. Bg2 Rb4 18. f5 Ne5 19. f6 Bf8 20. Bd4 g6 21. Kh1 Rc4 22.
Bxe5 dxe5 23. Qg4 Bb7 24. Qh4 Rd8 25. Rf3 Rd2 26. Rh3 h6 27. Bf1 Rb4 28. Bd3
Qxc3 29. Qe1 Rxe4 0-1

[Event "XII Festival A"]
[Site "Amantea ITA"]
[Date "2014.09.14"]
[Round "9"]
[White "Rasmussen, Allan Stig"]
[Black "Sumets, Andrey"]
[WhiteElo "2517"]
[BlackElo "2618"]
[Result "1-0"]
[PlyCount "120"]
[EventDate "2014.09.07"]

1. e4 e6 2. d4 d5 3. Nc3 Nf6 4. e5 Nfd7 5. f4 c5 6. Nf3 Nc6 7. Be3 a6 8. Qd2 b5
9. dxc5 Bxc5 10. Bd3 Qb6 11. Bf2 b4 12. Na4 Bxf2+ 13. Qxf2 Qxf2+ 14. Kxf2 Bb7
15. a3 a5 16. c3 bxc3 17. bxc3 Ba6 18. Bxa6 Rxa6 19. Rab1 Ke7 20. c4 dxc4 21.
Rhc1 Rb8 22. Rxb8 Ncxb8 23. Rxc4 f6 24. Ke3 Rc6 25. Rxc6 Nxc6 26. Nd4 Na7 27.
Ke4 g5 28. g3 gxf4 29. gxf4 fxe5 30. fxe5 Kf7 31. Kf4 Ke7 32. Ke4 Kf7 33. Kf4
Ke7 34. h3 Kf7 35. Ke4 Ke7 36. Kf4 Kf7 37. Ke4 Ke7 38. h4 Kf7 39. Kf4 Ke7 40.
Nb2 Nb8 41. Nc4 Nbc6 42. Ke4 h6 43. a4 Kd7 44. Nb3 Nc8 45. Nc5+ Ke7 46. Kf4 Kf7
47. Nd6+ Nxd6 48. exd6 Kf6 49. Nd7+ Kg7 50. Ne5 Nd8 51. h5 Nb7 52. d7 Nd8 53.
Ng4 Kf7 54. Nxh6+ Ke7 55. Ng4 Kxd7 56. h6 Ke8 57. h7 Nf7 58. Ne5 Nh8 59. Kg5
Ke7 60. Ng6+ Ke8 1-0

[Event "XII Festival A"]
[Site "Amantea ITA"]
[Date "2014.09.14"]
[Round "9"]
[White "Solomon, Kenny"]
[Black "Ochsner, Bjorn Moller"]
[WhiteElo "2378"]
[BlackElo "2336"]
[Result "1/2-1/2"]
[PlyCount "110"]
[EventDate "2014.09.07"]

1. d4 Nf6 2. c4 g6 3. Nc3 Bg7 4. e4 d6 5. Nf3 O-O 6. Be2 e5 7. Be3 Na6 8. O-O
Ng4 9. Bg5 Qe8 10. Re1 exd4 11. Nd5 f6 12. Bf4 d3 13. Qxd3 Ne5 14. Qd2 c6 15.
Nc3 Qf7 16. b3 f5 17. exf5 Bxf5 18. Nd4 Nb4 19. Be3 Ned3 20. Rf1 Nc5 21. Nxf5
Qxf5 22. Rab1 Qc2 23. Qxc2 Nxc2 24. Bd2 Rae8 25. Bf3 Nd3 26. Ne4 Nd4 27. Be3
Rxf3 28. Bxd4 Rxe4 29. Bxg7 Rf5 30. Bc3 Re2 31. Rbd1 Nxf2 32. Rxd6 Ne4 33. Rd8+
Kf7 34. Bb4 c5 35. Be1 Ke6 36. g4 Rf7 37. Rd3 Rxf1+ 38. Kxf1 Rxa2 39. Rh3 Ng5
40. Re3+ Kd7 41. Bg3 Ne6 42. Rd3+ Nd4 43. b4 b6 44. bxc5 bxc5 45. Bf2 Kc6 46.
Rh3 a5 47. Rxh7 a4 48. h4 a3 49. Ra7 Nf3 50. h5 Nh2+ 51. Kg1 gxh5 52. gxh5 Ng4
53. Bg3 Kb6 54. Ra8 Rc2 55. Rxa3 Rxc4 1/2-1/2

[Event "XII Festival A"]
[Site "Amantea ITA"]
[Date "2014.09.14"]
[Round "9"]
[White "Sveshnikov, Evgeny E."]
[Black "Sharma, Dinesh K."]
[WhiteElo "2502"]
[BlackElo "2359"]
[Result "1/2-1/2"]
[PlyCount "74"]
[EventDate "2014.09.07"]

1. e4 e6 2. d4 d5 3. e5 c5 4. c3 Nc6 5. Nf3 Qb6 6. a3 Nh6 7. b4 cxd4 8. cxd4
Nf5 9. Be3 f6 10. exf6 gxf6 11. Nc3 Nxe3 12. fxe3 Bh6 13. Bb5 O-O 14. Qe2 a5
15. Kf2 axb4 16. axb4 Rxa1 17. Rxa1 Nxb4 18. Ra8 Qc7 19. Ra3 Qd6 20. Rb3 Nc6
21. Bd3 Kh8 22. Nh4 Qe7 23. Qh5 Qg7 24. Nf3 Ne7 25. Rb6 f5 26. Ne2 Ng8 27. Qh4
Nf6 28. Nf4 Ng4+ 29. Ke2 Qc7 30. h3 Qxb6 31. hxg4 Bxf4 32. exf4 Qb2+ 33. Kd1
Qa1+ 34. Ke2 Qb2+ 35. Kd1 Qa1+ 36. Ke2 Qb2+ 37. Kd1 Bd7 1/2-1/2

[Event "XII Festival A"]
[Site "Amantea ITA"]
[Date "2014.09.14"]
[Round "9"]
[White "Valsecchi, Alessio"]
[Black "Drasko, Milan"]
[WhiteElo "2438"]
[BlackElo "2434"]
[Result "1/2-1/2"]
[PlyCount "20"]
[EventDate "2014.09.07"]

1. Nf3 Nf6 2. c4 e6 3. g3 a6 4. Bg2 b5 5. b3 c5 6. Bb2 Bb7 7. O-O Be7 8. Na3
Qb6 9. d3 O-O 10. Rb1 d5 1/2-1/2

[Event "XII Festival A"]
[Site "Amantea ITA"]
[Date "2014.09.14"]
[Round "9"]
[White "Vovk, Andrey"]
[Black "Libiszewski, Fabien"]
[WhiteElo "2625"]
[BlackElo "2531"]
[Result "1-0"]
[PlyCount "79"]
[EventDate "2014.09.07"]

1. e4 c5 2. Nf3 Nc6 3. d4 cxd4 4. Nxd4 e5 5. Nb5 d6 6. N1c3 a6 7. Na3 Be7 8.
Be3 Nf6 9. Nc4 b5 10. Nb6 Rb8 11. Nxc8 Qxc8 12. Be2 O-O 13. O-O Rd8 14. a3 h6
15. Qd3 Na5 16. b3 Nb7 17. b4 Rd7 18. Nd5 Nxd5 19. Qxd5 Rc7 20. c4 bxc4 21.
Rfc1 c3 22. Bxa6 Ra8 23. Be2 Bg5 24. Bxg5 hxg5 25. a4 Rb8 26. a5 Nd8 27. Qxd6
Ne6 28. Bg4 Rc6 29. Bxe6 fxe6 30. Qe7 c2 31. h3 Qa6 32. Qxg5 Rxb4 33. Qxe5 Rbc4
34. f3 R4c5 35. Qd4 e5 36. Qd8+ Kh7 37. Qd2 Rc3 38. Kh2 Rd3 39. Qe2 Qc4 40. a6
1-0

[Event "Torneo Internazionale"]
[Site "Dortmund GER"]
[Date "2014.07.12"]
[Round "1"]
[White "Baramidze, David"]
[Black "Caruana, Fabiano"]
[WhiteElo "2616"]
[BlackElo "2789"]
[Result "0-1"]
[PlyCount "150"]
[EventDate "2014.07.12"]

1. d4 f5 2. g3 Nf6 3. Bg2 d6 4. Nf3 g6 5. O-O Bg7 6. c4 O-O 7. Nc3 Qe8 8. Re1
Qf7 9. b3 Ne4 10. Qc2 Nc6 11. Be3 Nxc3 12. Qxc3 e5 13. d5 Nb8 14. Rac1 h6 15.
c5 Na6 16. cxd6 cxd6 17. h4 Bd7 18. Qd2 Kh7 19. Red1 b6 20. Ne1 Rac8 21. Nd3
Nc5 22. Nb2 Qe7 23. b4 Na4 24. Nxa4 Bxa4 25. Rxc8 Rxc8 26. Rc1 Qd7 27. Rxc8
Qxc8 28. Qc1 Qxc1+ 29. Bxc1 Bc2 30. f3 Bf6 31. Kf2 Kg7 32. e4 f4 33. Bh3 h5 34.
Bd7 g5 35. hxg5 Bxg5 36. Kg2 Kf6 37. g4 h4 38. Bb5 Bd1 39. Bd3 h3+ 40. Kxh3
Bxf3 41. b5 Bh6 42. Kh4 Kg6 43. Bd2 Bf8 44. Be1 Bg2 45. g5 Bf3 46. a4 Be7 47.
a5 Bxg5+ 48. Kh3 Kf7 49. axb6 axb6 50. Bf2 Bd8 51. Bg1 Kg6 52. Bf2 Kh5 53. Bg1
Bd1 54. Kg2 Kg4 55. Kf1 Kg3 56. Bf2+ Kh2 57. Bg1+ Kh1 58. Bf2 Bh5 59. Bg1 Bg4
60. Bf2 Bf3 61. Ke1 Kg2 62. Bf1+ Kh2 63. Bd3 Bh5 64. Kf1 Bg6 65. Bc2 Kh3 66.
Kg1 Kg4 67. Kf1 Kh3 68. Kg1 Kg4 69. Kf1 f3 70. Be1 f2 71. Bxf2 Kf3 72. Bd1+ Kf4
73. Bb3 Be8 74. Bc4 Kxe4 75. Ke2 Bh5+ 0-1

[Event "Torneo Internazionale"]
[Site "Dortmund GER"]
[Date "2014.07.13"]
[Round "2"]
[White "Caruana, Fabiano"]
[Black "Ponomariov, Ruslan"]
[WhiteElo "2789"]
[BlackElo "2723"]
[Result "1-0"]
[PlyCount "81"]
[EventDate "2014.07.12"]

1. e4 e5 2. Nf3 Nf6 3. Nxe5 d6 4. Nf3 Nxe4 5. Nc3 Nxc3 6. dxc3 Be7 7. Be3 Nc6
8. Qd2 Be6 9. O-O-O Qd7 10. Kb1 Bf6 11. h3 h6 12. b3 a6 13. g4 O-O-O 14. Bg2 g5
15. Nd4 Nxd4 16. cxd4 d5 17. f4 gxf4 18. Bxf4 h5 19. g5 Bg7 20. Rde1 h4 21. Be5
Rdg8 22. Qf4 Qd8 23. Bf1 Kb8 24. Bd3 Bc8 25. Kb2 Bxe5 26. Rxe5 Rg7 27. a4 a5
28. Ka2 Ka7 29. Qd2 Kb8 30. Qf4 Ka7 31. Rhe1 Bxh3 32. Rh1 Bc8 33. Rxh4 Rxh4 34.
Qxh4 b6 35. Qh6 Rg8 36. Qc6 Be6 37. g6 Rg7 38. gxf7 Bxf7 39. Re7 Qxe7 40. Ba6
Kxa6 41. Qa8# 1-0

[Event "Torneo Internazionale"]
[Site "Dortmund GER"]
[Date "2014.07.15"]
[Round "3"]
[White "Naiditsch, Arkadij"]
[Black "Caruana, Fabiano"]
[WhiteElo "2705"]
[BlackElo "2789"]
[Result "1/2-1/2"]
[PlyCount "76"]
[EventDate "2014.07.12"]

1. e4 e5 2. Nf3 Nc6 3. Bb5 Nf6 4. O-O Nxe4 5. d4 Nd6 6. Bxc6 dxc6 7. dxe5 Nf5
8. Qxd8+ Kxd8 9. h3 Bd7 10. Rd1 Be7 11. Nc3 Kc8 12. Bf4 b6 13. Rd2 Nh4 14. Nxh4
Bxh4 15. Ne4 h6 16. g4 Be7 17. Ng3 g6 18. Ne4 Be6 19. Nf6 a5 20. a3 a4 21. Re1
h5 22. Kg2 hxg4 23. hxg4 Ra5 24. Kg3 Rb5 25. c3 Rd8 26. Rxd8+ Kxd8 27. Bc1 Bxf6
28. exf6 Rd5 29. Re4 b5 30. Rd4 Rxd4 31. cxd4 Kd7 32. Bf4 Bb3 33. Kf3 Bd1+ 34.
Ke4 Bxg4 35. Ke5 Be6 36. Bd2 Bd5 37. f4 Be6 38. Bb4 Bd5 1/2-1/2

[Event "Torneo Internazionale"]
[Site "Dortmund GER"]
[Date "2014.07.16"]
[Round "4"]
[White "Caruana, Fabiano"]
[Black "Meier, Georg"]
[WhiteElo "2789"]
[BlackElo "2632"]
[Result "1-0"]
[PlyCount "75"]
[EventDate "2014.07.12"]

1. e4 e6 2. d4 d5 3. Nc3 Nf6 4. e5 Nfd7 5. f4 c5 6. Nf3 Nc6 7. Be3 cxd4 8. Nxd4
Bc5 9. Qd2 O-O 10. O-O-O a6 11. Qf2 Bxd4 12. Bxd4 b5 13. Be3 Qa5 14. Kb1 b4 15.
Ne2 Qc7 16. Nd4 Nxd4 17. Bxd4 a5 18. Bb5 Ba6 19. Bxd7 Qxd7 20. g4 a4 21. b3 Qc6
22. f5 Bb5 23. Rd2 axb3 24. cxb3 Ra3 25. Re1 Rfa8 26. Re3 Rc8 27. Qe1 Rc7 28.
Qd1 Ra8 29. Re1 Rac8 30. Qf3 Qa6 31. Red1 Qa3 32. Bb2 Qa6 33. Qe3 Kh8 34. f6
gxf6 35. exf6 Rg8 36. g5 h6 37. Rg1 Rcc8 38. g6 1-0

[Event "Torneo Internazionale"]
[Site "Dortmund GER"]
[Date "2014.07.18"]
[Round "5"]
[White "Kramnik, Vladimir"]
[Black "Caruana, Fabiano"]
[WhiteElo "2777"]
[BlackElo "2789"]
[Result "1/2-1/2"]
[PlyCount "95"]
[EventDate "2014.07.12"]

1. d4 Nf6 2. c4 g6 3. g3 c6 4. Bg2 d5 5. cxd5 cxd5 6. Nf3 Bg7 7. Ne5 O-O 8. Nc3
b6 9. Bg5 Bb7 10. Rc1 Ne4 11. Bf4 Nxc3 12. Rxc3 f6 13. Nc4 Rf7 14. O-O Nc6 15.
Na3 e6 16. Qa4 Rc8 17. Rfc1 a6 18. Qd1 g5 19. Bd2 f5 20. Nc2 Rfc7 21. Bf1 Nb8
22. Rxc7 Rxc7 23. Nb4 h6 24. Rxc7 Qxc7 25. e3 a5 26. Nd3 Nd7 27. b4 axb4 28.
Nxb4 Nf6 29. Qa4 Bf8 30. Nd3 Bc6 31. Qa6 Ne4 32. Bb4 Bxb4 33. Nxb4 Nd6 34. Qa3
Be8 35. Nd3 Bb5 36. Ne5 Bxf1 37. Kxf1 Nc4 38. Qa8+ Kg7 39. Nd3 Nd2+ 40. Kg2 Qc4
41. Qa7+ Kg8 42. Qa8+ Kg7 43. Qa3 b5 44. Qe7+ Kh8 45. Qf8+ Kh7 46. Qf7+ Kh8 47.
Qf8+ Kh7 48. Qf7+ 1/2-1/2

[Event "Torneo Internazionale"]
[Site "Dortmund GER"]
[Date "2014.07.19"]
[Round "6"]
[White "Caruana, Fabiano"]
[Black "Adams, Michael"]
[WhiteElo "2789"]
[BlackElo "2743"]
[Result "1-0"]
[PlyCount "95"]
[EventDate "2014.07.12"]

1. e4 e5 2. Nf3 Nc6 3. Bb5 Nf6 4. O-O Nxe4 5. d4 Nd6 6. Bxc6 dxc6 7. dxe5 Nf5
8. Qxd8+ Kxd8 9. h3 Bd7 10. Rd1 Be7 11. Nc3 Kc8 12. g4 Nh4 13. Nxh4 Bxh4 14.
Be3 b6 15. Rd2 c5 16. Nd5 Re8 17. Rad1 Bc6 18. Bf4 h6 19. Kg2 Kb7 20. c4 a5 21.
Re1 Rad8 22. Bg3 Bxg3 23. Kxg3 f6 24. f4 Re6 25. Rdd1 fxe5 26. Rxe5 Red6 27. f5
a4 28. Kf4 b5 29. b3 a3 30. Ke4 b4 31. h4 R6d7 32. Rd2 Rf7 33. g5 hxg5 34. hxg5
Rh8 35. Kf4 Rh1 36. Rf2 Rg1 37. Ne7 Bh1 38. g6 Rf6 39. Rxc5 Rd6 40. Rb5+ Ka6
41. Nd5 Bxd5 42. Rxd5 Rxd5 43. cxd5 Kb6 44. f6 gxf6 45. Kf5 Kc5 46. Kxf6 Kxd5
47. g7 c5 48. Rf5+ 1-0

[Event "Torneo Internazionale"]
[Site "Dortmund GER"]
[Date "2014.07.20"]
[Round "7"]
[White "Leko, Peter"]
[Black "Caruana, Fabiano"]
[WhiteElo "2737"]
[BlackElo "2789"]
[Result "1/2-1/2"]
[PlyCount "61"]
[EventDate "2014.07.12"]

1. e4 e5 2. Nf3 Nc6 3. Bb5 Nf6 4. O-O Nxe4 5. Re1 Nd6 6. Nxe5 Be7 7. Bf1 Nxe5
8. Rxe5 O-O 9. Nc3 Ne8 10. d4 Bf6 11. Re1 d5 12. Ne2 Nd6 13. c3 Re8 14. Bf4 c6
15. Ng3 Rxe1 16. Qxe1 g6 17. Bh6 Nf5 18. Nxf5 Bxf5 19. Qd2 Qd7 20. Re1 Re8 21.
Rxe8+ Qxe8 22. f3 Bg7 23. Bxg7 Kxg7 24. g4 Bd7 25. Qf4 Qe1 26. Qc7 Be6 27. Qxb7
Qe3+ 28. Kg2 Qd2+ 29. Kg1 Qe3+ 30. Kg2 Qd2+ 31. Kg1 1/2-1/2

[Event "I Open Grand Paradis"]
[Site "Arvier ITA"]
[Date "2014.07.19"]
[Round "1"]
[White "Baloire, Endy"]
[Black "Bogatto, Mario"]
[WhiteElo "1985"]
[BlackElo "1413"]
[Result "1-0"]
[PlyCount "67"]
[EventDate "2014.07.19"]

1. d4 d6 2. c4 Nf6 3. Nc3 c6 4. e4 Nbd7 5. Bd3 a6 6. Nge2 e5 7. O-O Be7 8. Kh1
O-O 9. f4 Re8 10. h3 exd4 11. Nxd4 Bf8 12. Bc2 Nc5 13. Qf3 Bd7 14. f5 b5 15.
cxb5 cxb5 16. Bg5 h6 17. Bh4 Be7 18. Rac1 Rc8 19. g4 b4 20. Bxf6 Bxf6 21. Nce2
Be5 22. Rcd1 f6 23. h4 Qe7 24. Rfe1 Rb8 25. g5 fxg5 26. hxg5 hxg5 27. Nb3 Ba4
28. Kg2 Nxb3 29. axb3 Rbc8 30. bxa4 Rxc2 31. Qb3+ Qf7 32. Qxc2 Qh5 33. Qb3+ Kh7
34. Rh1 1-0